000 00428nam a2200157Ia 4500
003 LDD
008 181029s9999 xx 000 0 und d
020 _a8171880878
040 _cLDD
100 _aKapila, Rituraj
245 0 _aAacademic foundation's concise encyclopaedia of nobel laureates
_cRituraj Kapila
260 _aNew Delhi
_bAcademic Foundation
_c1992
300 _a320
901 _a314
_b12-03-1996
942 _2ddc
_cBK
999 _c48034
_d48034